| Tag |
First Indicator |
Second Indicator |
Subfields |
| LEADER |
00000cam a2200000 a 4500 |
| 001 |
in00002668921 |
| 005 |
20151202113427.0 |
| 008 |
091123s2011 caua b 001 0 eng d |
| 010 |
|
|
|a 2009942071
|
| 020 |
|
|
|a 9780495808176
|
| 020 |
|
|
|a 0495808172
|
| 029 |
1 |
|
|a AU@
|b 000045742750
|
| 035 |
|
|
|a (OCoLC)ocn432983999
|
| 035 |
|
|
|a (OCoLC)432983999
|
| 040 |
|
|
|a BTCTA
|c BTCTA
|d DLC
|d CPA
|d YDXCP
|d CDX
|d XQG
|d UtOrBLW
|
| 042 |
|
|
|a lccopycat
|
| 049 |
|
|
|a TXAM
|
| 050 |
0 |
0 |
|a LB1139.23
|b .G663 2011
|
| 082 |
0 |
4 |
|a 372.21
|2 22
|
| 100 |
1 |
|
|a Gordon, Ann Miles.
|
| 245 |
1 |
0 |
|a Beginnings and beyond :
|b foundations in early childhood education /
|c Ann Miles Gordon, Kathryn Williams Browne.
|
| 246 |
3 |
3 |
|a Foundations in early childhood education
|
| 250 |
|
|
|a 8th ed.
|
| 264 |
|
1 |
|a Belmont, CA :
|b Wadsworth, Cengage Learning,
|c [2011]
|
| 264 |
|
4 |
|c ©2011
|
| 300 |
|
|
|a xix, 572 pages :
|b illustrations (chiefly color) ;
|c 29 cm.
|
| 336 |
|
|
|a text
|b txt
|2 rdacontent
|
| 337 |
|
|
|a unmediated
|b n
|2 rdamedia
|
| 338 |
|
|
|a volume
|b nc
|2 rdacarrier
|
| 504 |
|
|
|a Includes bibliographical references and indexes.
|
| 505 |
0 |
|
|a History of early childhood education -- Types of programs -- Defining the young child -- Developmental and learning theories -- Teaching : a professional commitment -- Observation and assessment of children -- Guiding children's behavior -- Families and teachers : partners in education -- Creating environments -- Curriculum : creating a context for learning and play -- Planning for the body : physical/motor development -- Planning for the mind : cognitive development -- Planning for the mind : language development -- Planning for heart and soul : psychosocial development -- Issues and trends in early childhood education.
|
| 650 |
|
0 |
|a Early childhood education.
|
| 650 |
|
0 |
|a Early childhood education
|x Curricula.
|
| 650 |
|
0 |
|a Child development.
|
| 700 |
1 |
|
|a Browne, Kathryn Williams.
|
| 938 |
|
|
|a Baker and Taylor
|b BTCP
|n BK0008534042
|
| 938 |
|
|
|a YBP Library Services
|b YANK
|n 3470902
|
| 938 |
|
|
|a Coutts Information Services
|b COUT
|n 10651861
|
| 945 |
|
|
|a PromptCat
|b 169528
|
| 946 |
|
|
|a stk
|
| 947 |
|
|
|a A14840558676
|
| 994 |
|
|
|a 92
|b TXA
|
| 948 |
|
|
|a Cataloged
|b h
|c 2010/12/21
|d c
|e rsmith
|
| 999 |
|
|
|a MARS
|
| 999 |
f |
f |
|s 0e285d25-2bf6-3af9-a579-d52e8b452791
|i 08a1c1ff-3132-34bb-99fd-710ae0026fcf
|t 0
|
| 952 |
f |
f |
|p normal
|a Texas A&M University
|b College Station
|c Sterling C. Evans Library
|d Evans: Library Stacks
|t 0
|e LB1139.23 .G663 2011
|h Library of Congress classification
|i unmediated -- volume
|m A14840558676
|
| 998 |
f |
f |
|a LB1139.23 .G663 2011
|t 0
|l Evans: Library Stacks
|